01014nam a2200217 a 450000500170000000800410001702000150005804100080007309200190008110000310010024500770013125000420020826000890025030000270033950001610036665300160052765300280054394200120057199900150058395201980059820240506113104.0100708t2005||||sp a g |||| 00| 0 spa d a9509647721 aspa c610.03l3sANT1 aAntón, Sebastián93751 aDiccionario Historia de la Medicina. bFasc.5 Q-Z /cSebastián Antón a1a ed.bTraducción Gerardo E. Laube aBuenos Aires:bEditorial Anejo Producciones ; The Parthenon Publishing Group;c2005. a627-783 p. c30x22 cm. aAntón, S. (2005). Diccionario Historia de la medicina. Fasc.5 Q-Z. (1a ed.). Buenos Aires : Editorial Anejo Producciones ; The Parthenon Publishing Group. aDiccionario aHistoria de la Medicina 2ddccBK c2166d2166 00102ddc4070aBFMbBFMcCRd2015-05-28eDonacion Griselda Saulino, Mayo 2015l0o610.03 3 ANTp3492r2015-05-28tEj.1w2015-05-28yBKzHemeroteca 2022. Donacion Griselda Saulino, Mayo 2015f